[Event "Online Olym KO Stage 2020"]
[Site "chess.com INT"]
[Date "2020.08.27"]
[Round "1.11"]
[Board "1"]
[White "Ding, Liren"]
[Black "Ivanchuk, Vasyl"]
[Result "1-0"]
[WhiteTitle "GM"]
[BlackTitle "GM"]
[WhiteElo "2791"]
[BlackElo "2678"]
[WhiteTeam "China"]
[BlackTeam "Ukraine"]
[WhiteFideId "8603677"]
[BlackFideId "14100010"]
[EventDate "2020.08.27"]
[EventType "team"]

1. d4 Nf6 2. c4 e6 3. Nf3 b6 4. g3 Ba6 5. b3 Bb4+ 6. Bd2 Be7 7. Bg2 O-O 8. O-O
d5 9. cxd5 exd5 10. Nc3 Bb7 11. Ne5 Na6 12. Bf4 Re8 13. Rc1 h6 14. h4 Bf8 15. e3
c5 16. Re1 cxd4 17. exd4 Nc7 18. Nd3 Rxe1+ 19. Qxe1 Ne6 20. Be5 Ng4 21. Nf4 Nxf4
22. Bxf4 Nf6 23. Be5 Ng4 24. Qd1 h5 25. Ne2 g6 26. Nf4 Bh6 27. Rc7 Rb8 28. Qc2
Nxe5 29. dxe5 Bxf4 30. gxf4 Rc8 31. Rxc8 Bxc8 32. Bxd5 Qxd5 33. Qxc8+ Kg7 34.
Qc1 Qe4 35. a4 Qf3 36. Qe3 Qd1+ 37. Kg2 Kh7 38. Qf3 Qd2 39. f5 Qd4 40. fxg6+
fxg6 41. e6 Qxh4 42. Qf7+ Kh6 43. Kf3 Qg4+ 44. Ke3 Qd1 45. e7 Qe1+ 46. Kd4 Qd2+
47. Ke5 Qc3+ 48. Kd6 Qc5+ 49. Kd7 1-0

[Event "Online Olym KO Stage 2020"]
[Site "chess.com INT"]
[Date "2020.08.27"]
[Round "1.11"]
[Board "3"]
[White "Hou, Yifan"]
[Black "Gaponenko, Inna"]
[Result "1-0"]
[WhiteTitle "GM"]
[BlackTitle "IM"]
[WhiteElo "2658"]
[BlackElo "2396"]
[WhiteTeam "China"]
[BlackTeam "Ukraine"]
[WhiteFideId "8602980"]
[BlackFideId "14101181"]
[EventDate "2020.08.27"]
[EventType "team"]

1. e4 c5 2. Nf3 Nc6 3. Bb5 g6 4. Bxc6 dxc6 5. d3 Bg7 6. h3 Nf6 7. Nc3 Nd7 8. Be3
e5 9. Qd2 h6 10. O-O b6 11. Nh2 Nf8 12. f4 exf4 13. Rxf4 Be6 14. Raf1 g5 15.
R4f2 Qd6 16. Ng4 O-O-O 17. Nf6 Nd7 18. Nh5 Be5 19. g4 Nf8 20. a4 a5 21. b3 Ng6
22. Ne2 Nh4 23. Qe1 f5 24. Rxf5 Nxf5 25. gxf5 Bf7 26. Neg3 Rhg8 27. Kg2 g4 28.
h4 Bxh5 29. Nxh5 g3 30. Qe2 Qe7 31. f6 Qf7 32. Rf5 Rde8 33. Bxh6 Rg6 34. Bg5 Rh8
35. Rxe5 Qh7 36. Qg4+ Kb8 37. Nxg3 Qg8 38. Qf4 Ka8 39. Re7 1-0

[Event "Online Olym KO Stage 2020"]
[Site "chess.com INT"]
[Date "2020.08.27"]
[Round "1.11"]
[Board "4"]
[White "Zhukova, Natalia"]
[Black "Ju, Wenjun"]
[Result "1/2-1/2"]
[WhiteTitle "GM"]
[BlackTitle "GM"]
[WhiteElo "2328"]
[BlackElo "2560"]
[WhiteTeam "Ukraine"]
[BlackTeam "China"]
[WhiteFideId "14101513"]
[BlackFideId "8603006"]
[EventDate "2020.08.27"]
[EventType "team"]

1. d4 Nf6 2. Nf3 d5 3. c4 e6 4. Nc3 Be7 5. Bg5 h6 6. Bh4 O-O 7. e3 Nbd7 8. Rc1
c6 9. Bd3 b6 10. O-O Bb7 11. cxd5 cxd5 12. h3 Ne4 13. Bxe7 Qxe7 14. Ne2 Rfc8 15.
Qa4 a6 16. Rxc8+ Rxc8 17. Rc1 Rxc1+ 18. Nxc1 b5 19. Qc2 Qd6 20. Nb3 Qb6 21. Bxe4
dxe4 22. Ne5 Nxe5 23. dxe5 Bd5 24. Qc8+ Kh7 25. Nc5 Qa5 26. Nd7 Qe1+ 27. Kh2 h5
28. Nf8+ Kh6 29. Nd7 Kh7 30. Nf8+ Kh6 31. Nd7 Kh7 1/2-1/2

[Event "Online Olym KO Stage 2020"]
[Site "chess.com INT"]
[Date "2020.08.27"]
[Round "1.11"]
[Board "5"]
[White "Liu, Yan"]
[Black "Shevchenko, Kirill"]
[Result "0-1"]
[WhiteTitle "GM"]
[BlackTitle "GM"]
[WhiteElo "2524"]
[BlackElo "2592"]
[WhiteTeam "China"]
[BlackTeam "Ukraine"]
[WhiteFideId "8608962"]
[BlackFideId "14129574"]
[EventDate "2020.08.27"]
[EventType "team"]

1. Nf3 Nf6 2. c4 g6 3. g3 Bg7 4. Bg2 O-O 5. O-O Nc6 6. d4 d6 7. Nc3 Bf5 8. d5
Na5 9. Nd2 c5 10. e4 Bd7 11. Qc2 a6 12. b3 b5 13. Bb2 Rb8 14. Rab1 e6 15. Rfe1
Re8 16. h3 Nh5 17. Nd1 Bxb2 18. Nxb2 e5 19. Nd3 f5 20. b4 Nxc4 21. Nxc4 bxc4 22.
Qxc4 fxe4 23. Bxe4 cxb4 24. Nxb4 Bxh3 25. Kh2 Qd7 26. Nc6 Rxb1 27. Rxb1 Nf6 28.
Rb2 Rf8 29. f3 Bf1 30. Qxf1 Nxe4 31. Rb8 Nc5 32. Rxf8+ Kxf8 33. Qb1 Kg7 34. Qc1
Qf7 35. Nxe5 Qxd5 36. Ng4 Qxa2+ 37. Kh3 Qe6 38. Qb2+ Kf7 39. Kg2 h5 40. Nh6+ Ke8
41. Qg7 Nd3 42. Ng8 Ne1+ 43. Kf2 Nd3+ 44. Kg2 Ne5 45. Nf6+ Kd8 46. Ne4 Qa2+ 47.
Kh3 Qe6+ 48. Kg2 Qf7 49. Qh8+ Kc7 50. Ng5 Qa2+ 51. Kh3 Qb1 52. Ne6+ Kd7 53. Nf8+
Kc6 54. f4 Qh1# 0-1

[Event "Online Olym KO Stage 2020"]
[Site "chess.com INT"]
[Date "2020.08.27"]
[Round "1.11"]
[Board "6"]
[White "Berdnyk, Mariia"]
[Black "Ning, Kaiyu"]
[Result "1-0"]
[WhiteTitle "FM"]
[BlackTitle "WIM"]
[WhiteElo "2324"]
[BlackElo "2327"]
[WhiteTeam "Ukraine"]
[BlackTeam "China"]
[WhiteFideId "14137054"]
[BlackFideId "8614750"]
[EventDate "2020.08.27"]
[EventType "team"]

1. d4 d5 2. Nf3 Nf6 3. g3 e6 4. Bg2 b5 5. O-O Bb7 6. a4 b4 7. c4 dxc4 8. Qc2 Be7
9. Nbd2 O-O 10. Nxc4 Be4 11. Qb3 Qd5 12. Bf4 Nbd7 13. Rac1 Rac8 14. Ncd2 Qxb3
15. Nxb3 Nd5 16. Ne5 Bxg2 17. Kxg2 Nxf4+ 18. gxf4 Nxe5 19. fxe5 c6 20. Rc4 Rc7
21. Rfc1 Rfc8 22. Na5 Kf8 23. Rxc6 Rxc6 24. Rxc6 Rb8 25. Ra6 Rc8 26. Rxa7 f6 27.
exf6 Bxf6 28. e3 Rc2 29. b3 Ke8 30. Rb7 Bh4 31. Rxg7 Bxf2 32. Kf3 Be1 33. Rxh7
Rf2+ 34. Ke4 Bd2 35. Nc4 Be1 36. a5 Ra2 37. Ke5 Kf8 38. Kf6 Kg8 39. Ra7 Rxh2 40.
a6 Ra2 41. Rg7+ Kh8 42. a7 Bh4+ 43. Kg6 Bd8 44. Rb7 Rg2+ 45. Kf7 Ra2 46. Kxe6
Ra6+ 47. Kd7 1-0

[Event "Online Olym KO Stage 2020"]
[Site "chess.com INT"]
[Date "2020.08.27"]
[Round "1.12"]
[Board "1"]
[White "Ivanchuk, Vasyl"]
[Black "Ding, Liren"]
[Result "1/2-1/2"]
[WhiteTitle "GM"]
[BlackTitle "GM"]
[WhiteElo "2678"]
[BlackElo "2791"]
[WhiteTeam "Ukraine"]
[BlackTeam "China"]
[WhiteFideId "14100010"]
[BlackFideId "8603677"]
[EventDate "2020.08.27"]
[EventType "team"]

1. d4 Nf6 2. c4 e6 3. Nc3 Bb4 4. e3 O-O 5. Bd3 d5 6. cxd5 exd5 7. Ne2 Re8 8. O-O
Bd6 9. Bd2 b6 10. Rc1 c5 11. dxc5 bxc5 12. Nf4 Bxf4 13. exf4 Nc6 14. Bb5 Bd7 15.
Na4 c4 16. Bc3 a6 17. Bxc6 Bxc6 18. Nc5 Ne4 19. Nxe4 Rxe4 20. Re1 Rxe1+ 21. Qxe1
d4 22. Rd1 Qd5 23. f3 Re8 24. Qf2 d3 25. Re1 Rxe1+ 26. Qxe1 f6 27. Qe3 h6 28.
Kf2 Kh7 29. Qd4 Qe6 30. Qe3 Qd5 31. Qd4 Qe6 32. Qe3 1/2-1/2

[Event "Online Olym KO Stage 2020"]
[Site "chess.com INT"]
[Date "2020.08.27"]
[Round "1.12"]
[Board "2"]
[White "Yu, Yangyi"]
[Black "Korobov, Anton"]
[Result "1/2-1/2"]
[WhiteTitle "GM"]
[BlackTitle "GM"]
[WhiteElo "2709"]
[BlackElo "2688"]
[WhiteTeam "China"]
[BlackTeam "Ukraine"]
[WhiteFideId "8603820"]
[BlackFideId "14105730"]
[EventDate "2020.08.27"]
[EventType "team"]

1. d4 Nf6 2. c4 e6 3. Nc3 Bb4 4. Nf3 b6 5. Qb3 a5 6. a3 a4 7. Qc2 Bxc3+ 8. bxc3
Bb7 9. Bg5 d6 10. Nd2 h6 11. Bh4 g5 12. Bg3 Nh5 13. f3 Nxg3 14. hxg3 Nd7 15. e4
Qe7 16. Be2 h5 17. Nf1 Nf8 18. Rb1 Ng6 19. Rb4 Bc6 20. Ne3 h4 21. g4 Qf6 22. Kd1
Qf4 23. Qd2 Ra5 24. Kc1 Qg3 25. Bd1 h3 26. gxh3 Rxh3 27. Rxh3 Qxh3 28. Rb2 Bd7
29. Qh2 Qxh2 30. Rxh2 Nh4 31. Ng2 Nxg2 32. Rxg2 Kf8 33. Rh2 Kg7 34. Kd2 e5 35.
Be2 1/2-1/2

[Event "Online Olym KO Stage 2020"]
[Site "chess.com INT"]
[Date "2020.08.27"]
[Round "1.12"]
[Board "3"]
[White "Osmak, Iulija"]
[Black "Tan, Zhongyi"]
[Result "1-0"]
[WhiteTitle "IM"]
[BlackTitle "GM"]
[WhiteElo "2438"]
[BlackElo "2510"]
[WhiteTeam "Ukraine"]
[BlackTeam "China"]
[WhiteFideId "14101602"]
[BlackFideId "8603642"]
[EventDate "2020.08.27"]
[EventType "team"]

1. d4 Nf6 2. Bf4 d5 3. e3 e6 4. Nd2 c5 5. c3 Nc6 6. Ngf3 Bd6 7. Bg3 O-O 8. Bd3
b6 9. e4 Be7 10. e5 Nh5 11. Ng5 Bxg5 12. Qxh5 g6 13. Qe2 cxd4 14. h4 dxc3 15.
bxc3 Bxd2+ 16. Qxd2 f5 17. exf6 Qxf6 18. h5 g5 19. h6 Ne5 20. Kf1 Nxd3 21. Qxd3
a5 22. Kg1 Ba6 23. Qe3 Qg6 24. Re1 Bc4 25. a3 b5 26. Be5 Rf5 27. Rh3 Raf8 28. f3
d4 29. Qxd4 Bd5 30. Qe3 Rc8 31. Rf1 g4 32. Rg3 Rc4 33. Bd4 Rg5 34. f4 Rh5 35.
Qe2 Qxh6 36. Qxg4+ Qg6 37. Qxh5 Qxg3 38. Qe8# 1-0

[Event "Online Olym KO Stage 2020"]
[Site "chess.com INT"]
[Date "2020.08.27"]
[Round "1.12"]
[Board "4"]
[White "Lei, Tingjie"]
[Black "Gaponenko, Inna"]
[Result "1/2-1/2"]
[WhiteTitle "GM"]
[BlackTitle "IM"]
[WhiteElo "2505"]
[BlackElo "2396"]
[WhiteTeam "China"]
[BlackTeam "Ukraine"]
[WhiteFideId "8605114"]
[BlackFideId "14101181"]
[EventDate "2020.08.27"]
[EventType "team"]

1. d4 d5 2. c4 dxc4 3. Nf3 Nf6 4. e3 e6 5. Bxc4 c5 6. O-O Nc6 7. Nc3 a6 8. d5
Na5 9. b3 b5 10. Bd3 Nxd5 11. Nxd5 exd5 12. Bb2 Nc6 13. a4 Rb8 14. axb5 axb5 15.
Qe2 Qb6 16. Rfd1 Bg4 17. h3 Bh5 18. Bf5 Rd8 19. Bd3 Rb8 20. Bf5 Rd8 21. Bd3 Rb8 1/2-1/2

[Event "Online Olym KO Stage 2020"]
[Site "chess.com INT"]
[Date "2020.08.27"]
[Round "1.12"]
[Board "5"]
[White "Shevchenko, Kirill"]
[Black "Liu, Yan"]
[Result "1/2-1/2"]
[WhiteTitle "GM"]
[BlackTitle "GM"]
[WhiteElo "2592"]
[BlackElo "2524"]
[WhiteTeam "Ukraine"]
[BlackTeam "China"]
[WhiteFideId "14129574"]
[BlackFideId "8608962"]
[EventDate "2020.08.27"]
[EventType "team"]

1. e4 e5 2. Nf3 Nf6 3. Nxe5 d6 4. Nf3 Nxe4 5. Nc3 Nxc3 6. dxc3 Be7 7. Be3 Nc6 8.
Bd3 Be6 9. Qe2 Qd7 10. O-O-O Bf6 11. Kb1 O-O-O 12. Rhe1 Kb8 13. Bb5 a6 14. Ba4
h6 15. h3 Qe8 16. Qf1 b5 17. Bb3 Na5 18. Bd4 Bxd4 19. Nxd4 Nxb3 20. axb3 Qd7 21.
b4 Bc4 22. Qg1 Rhe8 23. g4 Bd5 24. Nf5 Bf3 25. Rxe8 Rxe8 26. Re1 Rxe1+ 27. Qxe1
f6 28. Qe3 Bd5 29. Ng3 Bf7 30. b3 Bg6 31. Kb2 Bh7 32. f4 Bg6 33. f5 Bf7 34. Qe4
Qe8 35. Qxe8+ Bxe8 36. Ne2 Bf7 37. Kc1 c6 38. Kd2 Kc7 39. Kd3 c5 40. Nf4 Kd7 41.
Ke3 Ke7 42. Nd3 c4 43. bxc4 Bxc4 44. Nf4 Kf7 45. Kd4 Ke7 46. Nd5+ Kd8 47. Ne3
Bf7 48. c4 Kd7 49. cxb5 axb5 50. c4 Kc6 51. cxb5+ Kxb5 52. Nd5 Kc6 53. Nc3 Bb3
54. Ne2 Kb5 55. Kc3 Bf7 56. Nd4+ Kb6 57. h4 g6 58. Kd3 h5 59. gxh5 gxh5 60. Ne6
Kb5 61. Kc3 Bg8 62. Nc7+ Kc6 63. Ne8 Bh7 64. Nxf6 Bxf5 65. Nxh5 Kd5 66. Nf4+ Ke5
67. Nd3+ Kf6 68. Kd4 Bg4 69. Nf4 Kf5 70. Nd5 Be2 71. Ne3+ Kf4 72. Nc4 Kg4 73. b5
Bf3 74. Ne3+ Kxh4 75. b6 Bc6 76. Nf5+ Kg5 77. Nxd6 Kf6 78. Kc5 Ba8 79. Kb5 Ke7
80. Nc4 Kd7 81. Ka6 Bd5 82. Ne3 Be4 83. Nf5 Bd5 84. Ka7 Be4 85. Nd4 Bd5 86. Nb3
Bf3 87. Na5 Bd5 88. Nc4 Be4 89. Ne5+ Kd6 90. Ng4 Bf3 91. Ne3 Kd7 92. Ka6 Be4 93.
Kb5 Kc8 94. Ka6 Kb8 95. Ng4 Bd3+ 96. Ka5 Be4 97. Kb5 Bf3 98. Ne5 Bg2 99. Ng6 Kb7
100. Nf4 Bf3 101. Ne6 Bg2 102. Kc5 Bf3 103. Nd8+ Kb8 104. Nf7 Bg2 105. Ne5 Kb7
106. Nc4 Kb8 107. Nd6 Bf3 108. Kc4 Bg2 109. Kd4 Bf3 110. Ke3 Bg2 111. Kf4 Bc6
112. Ke5 Bf3 113. Kd4 Bg2 114. Nc4 Bf3 115. Kc5 Bg2 116. Ne5 Kb7 117. Kb5 Bf1+
118. Ka5 Bg2 119. Nf7 Kb8 120. Nd8 Bf3 121. Kb4 Bg2 122. Kc5 Bf3 123. Nc6+ Bxc6
124. Kxc6 Kc8 125. b7+ Kb8 126. Kb6 1/2-1/2

[Event "Online Olym KO Stage 2020"]
[Site "chess.com INT"]
[Date "2020.08.27"]
[Round "1.12"]
[Board "6"]
[White "Zhu, Jiner"]
[Black "Berdnyk, Mariia"]
[Result "1-0"]
[WhiteTitle "WGM"]
[BlackTitle "FM"]
[WhiteElo "2459"]
[BlackElo "2324"]
[WhiteTeam "China"]
[BlackTeam "Ukraine"]
[WhiteFideId "8608059"]
[BlackFideId "14137054"]
[EventDate "2020.08.27"]
[EventType "team"]

1. e4 c5 2. Nf3 d6 3. d4 cxd4 4. Nxd4 Nf6 5. Nc3 g6 6. Be3 Bg7 7. f3 O-O 8. Qd2
Nc6 9. Bc4 Bd7 10. O-O-O Rc8 11. Bb3 Ne5 12. Kb1 Nc4 13. Bxc4 Rxc4 14. g4 b5 15.
b3 b4 16. bxc4 bxc3 17. Qxc3 Qc7 18. h4 h5 19. g5 Nh7 20. Qd3 Rb8+ 21. Nb3 a5
22. c5 Nf8 23. cxd6 exd6 24. Qxd6 Qc8 25. Qc5 Qa6 26. Qa7 Qc8 27. Qc5 Qa6 28.
Qa7 Qc8 29. Qxa5 Ra8 30. Qc5 Qa6 31. a3 Ne6 32. Qd6 Bc6 33. Bc1 Bf8 34. Qd3 Bb5
35. Qc3 Bxa3 36. Bxa3 Qxa3 37. Qb2 Qa7 38. Rd5 Rb8 39. Rhd1 Bc4 40. Rd7 Qe3 41.
Qe5 Ra8 42. Qf6 Nf8 43. Rb7 Qe2 44. Qd4 Rc8 45. Qd2 Qxf3 46. Re1 Qg4 47. Qf2 Qe6
48. Rb6 Qe7 49. Qf6 Qa3 50. Qb2 Qe7 51. Qf6 Qa3 52. Rb7 Ra8 53. Rd1 Qa2+ 54. Kc1
Rc8 55. Qb2 Qa6 56. Rb4 Be2 57. Rd2 Bg4 58. Kb1 Ne6 59. Nd4 Nc5 60. Nb3 Nxe4 61.
Rxe4 Qf1+ 62. Qc1 Qf3 63. Red4 Bf5 64. Rd8+ Rxd8 65. Rxd8+ Kh7 66. Qb2 Qf1+ 67.
Nc1 1-0

[Event "Online Olym KO Stage 2020"]
[Site "chess.com INT"]
[Date "2020.08.27"]
[Round "1.13"]
[Board "1"]
[White "Shevchenko, Kirill"]
[Black "Liu, Yan"]
[Result "1-0"]
[WhiteTitle "GM"]
[BlackTitle "GM"]
[WhiteElo "2592"]
[BlackElo "2524"]
[WhiteTeam "Ukraine"]
[BlackTeam "China"]
[WhiteFideId "14129574"]
[BlackFideId "8608962"]
[EventDate "2020.08.27"]
[EventType "team"]

1. e4 c5 2. c3 Nf6 3. e5 Nd5 4. Bc4 e6 5. d4 cxd4 6. cxd4 Nc6 7. Nf3 d6 8. O-O
Be7 9. Qc2 Nb6 10. Be2 O-O 11. Nc3 Bd7 12. Qe4 d5 13. Qg4 f6 14. Bf4 fxe5 15.
Nxe5 Nxe5 16. Bxe5 Bf6 17. Qg3 Bxe5 18. Qxe5 Qb8 19. f4 Qxe5 20. fxe5 Rxf1+ 21.
Rxf1 Rf8 22. Rxf8+ Kxf8 23. Kf2 Ke7 24. Bd3 h6 25. Ne2 Be8 26. h4 Nd7 27. Nf4
Nf8 28. Ke3 Bf7 29. Kd2 Be8 30. Kc3 Kd8 31. Kb4 Kc7 32. a4 b6 33. a5 Bf7 34. g4
Be8 35. Bb5 Bf7 36. Ba4 Ng6 37. Ng2 Ne7 38. axb6+ axb6 39. Kc3 Bg6 40. Nf4 Bf7
41. Bc2 Kd7 42. Bd3 Kc7 43. g5 hxg5 44. hxg5 g6 45. b3 Kb7 46. Bb5 Kc7 47. Bd3
Kb7 48. Ng2 Be8 49. Ne3 Kc7 50. Ng4 Bf7 51. Nf6 Nc6 52. Nh7 Ne7 53. Bb5 Nf5 54.
Bf1 Ng3 55. Bd3 Nh5 56. Be2 Nf4 57. Bg4 Kd7 58. Nf6+ Ke7 59. Kb4 Kd8 60. Kb5 Kc7
61. Nh7 Nd3 62. Ka4 Nf2 63. Bf3 Nh3 64. Bg2 Nf4 65. Bf1 Nh5 66. Kb4 Ng3 67. Bd3
Nh5 68. Kc3 Nf4 69. Bf1 Kd7 70. Kd2 Ke7 71. Nf6 Nh5 72. Ke3 Ng7 73. Bd3 Ne8 74.
Kd2 Nc7 75. Kc3 Kd8 76. Kb4 Ke7 77. Nh7 Be8 78. Bc2 Bf7 79. Nf6 Kf8 80. Ng4 Ke7
81. Nf2 Be8 82. Nd1 Bf7 83. Nc3 Be8 84. Bd3 Kd8 85. Ne2 Ke7 86. Nf4 Na6+ 87. Kc3 1-0

[Event "Online Olym KO Stage 2020"]
[Site "chess.com INT"]
[Date "2020.08.27"]
[Round "1.21"]
[Board "1"]
[White "Erdos, Viktor"]
[Black "Wagner, Dennis"]
[Result "1/2-1/2"]
[WhiteTitle "GM"]
[BlackTitle "GM"]
[WhiteElo "2618"]
[BlackElo "2581"]
[WhiteTeam "Hungary"]
[BlackTeam "Germany"]
[WhiteFideId "719978"]
[BlackFideId "24650684"]
[EventDate "2020.08.27"]
[EventType "team"]

1. Nf3 Nf6 2. c4 c5 3. Nc3 e6 4. e3 d5 5. d4 a6 6. cxd5 exd5 7. Be2 Nc6 8. O-O
cxd4 9. Nxd4 Bd6 10. Bf3 O-O 11. h3 Bc7 12. Nce2 Qd6 13. Ng3 Ne4 14. Bxe4 dxe4
15. Nxc6 Qxc6 16. Bd2 Bxg3 17. fxg3 Qb6 18. Qb3 Qxb3 19. axb3 Be6 20. b4 Bc4 21.
Rf4 Bd3 22. Bc3 f6 23. g4 h6 24. Ra5 Rac8 25. h4 Bb5 26. Ra1 Rfe8 27. Kh2 Rcd8
28. Kg3 Rd5 29. Rf5 Red8 30. Rxd5 Rxd5 31. Bd4 Bc6 32. Rc1 Kf7 33. Rf1 Ke6 34.
Rf4 Rb5 35. Bc3 Ke7 36. Rf2 Ke6 37. Rf4 Ke7 38. Rf5 Ke6 39. Rxb5 Bxb5 1/2-1/2

[Event "Online Olym KO Stage 2020"]
[Site "chess.com INT"]
[Date "2020.08.27"]
[Round "1.21"]
[Board "2"]
[White "Fridman, Daniel"]
[Black "Banusz, Tamas"]
[Result "1/2-1/2"]
[WhiteTitle "GM"]
[BlackTitle "GM"]
[WhiteElo "2615"]
[BlackElo "2628"]
[WhiteTeam "Germany"]
[BlackTeam "Hungary"]
[WhiteFideId "11600454"]
[BlackFideId "722413"]
[EventDate "2020.08.27"]
[EventType "team"]

1. d4 d5 2. Nf3 Nf6 3. c4 c6 4. Qb3 dxc4 5. Qxc4 Bg4 6. Nbd2 e6 7. g3 Nbd7 8.
Bg2 Be7 9. O-O O-O 10. Qb3 Qb6 11. Nc4 Qa6 12. Bd2 Nb6 13. Rfc1 Nxc4 14. Qxc4
Qxc4 15. Rxc4 Rfd8 16. Ba5 Rd5 17. Be1 Rdd8 18. Rac1 h6 19. e3 Bxf3 20. Bxf3 Nd5
21. b4 a6 22. Rb1 Rd7 23. Rc2 Nb6 24. Rcc1 Rc8 25. Bd1 Nd5 26. a4 Rdc7 27. e4
Nf6 28. f3 Ne8 29. h4 Bf6 30. Bf2 Rd8 31. e5 Be7 32. f4 Rcc8 33. b5 axb5 34.
axb5 cxb5 35. Rxc8 Rxc8 36. Be2 b4 37. Be1 g6 38. Bxb4 Bxb4 39. Rxb4 Ng7 40. g4
h5 41. gxh5 gxh5 42. Bd3 Rc3 43. Be4 Re3 44. d5 exd5 45. Bxd5 Ne6 46. Kf2 Rh3
47. Bxe6 fxe6 48. Rxb7 Rxh4 49. Kf3 Kf8 50. Rh7 Rh1 51. Kg2 Rh4 52. Kg3 Rh1 53.
Kf3 Rf1+ 54. Kg3 Rg1+ 55. Kf2 Rh1 56. Kg2 Rh4 57. Kg3 Rh1 58. Ra7 Rg1+ 59. Kf2
Rh1 60. Rh7 Rh4 61. Ke3 Rh1 62. Kd4 Rf1 63. Rxh5 Rxf4+ 64. Kc5 Ra4 65. Kd6 Ra6+
66. Kd7 Kf7 67. Rh1 Ra7+ 68. Kc6 Ra6+ 69. Kc7 Ra5 70. Re1 Rd5 71. Rf1+ Kg7 72.
Re1 Kg6 73. Kc6 Kf5 74. Kc7 Rd4 75. Kc6 Re4 76. Rh1 Kxe5 77. Kd7 Kd5 78. Rd1+
Kc4 79. Ke7 Re2 80. Kf6 e5 81. Kf5 e4 82. Kf4 e3 83. Kf3 Rd2 84. Rxd2 exd2 85.
Ke2 Kc3 86. Kd1 Kd3 1/2-1/2

[Event "Online Olym KO Stage 2020"]
[Site "chess.com INT"]
[Date "2020.08.27"]
[Round "1.21"]
[Board "3"]
[White "Papp, Petra"]
[Black "Paehtz, Elisabeth"]
[Result "0-1"]
[WhiteTitle "WGM"]
[BlackTitle "IM"]
[WhiteElo "2338"]
[BlackElo "2473"]
[WhiteTeam "Hungary"]
[BlackTeam "Germany"]
[WhiteFideId "739049"]
[BlackFideId "4641833"]
[EventDate "2020.08.27"]
[EventType "team"]

1. e4 e5 2. Nf3 Nc6 3. Bb5 a6 4. Ba4 Nf6 5. O-O Be7 6. Re1 b5 7. Bb3 d6 8. c3
O-O 9. h3 Nb8 10. d4 Nbd7 11. Nbd2 c5 12. d5 c4 13. Bc2 Qc7 14. a4 Rb8 15. Nf1
Nc5 16. axb5 axb5 17. Ng3 Re8 18. Bd2 Bd7 19. Nh2 Ra8 20. Qf3 Reb8 21. Nf5 Bxf5
22. Qxf5 Qd7 23. Qf3 Ra7 24. Ng4 Nxg4 25. hxg4 h6 26. Be3 Qc7 27. Qf5 Rba8 28.
Rab1 g6 29. Qf3 Bg5 30. Bxg5 hxg5 31. g3 Kg7 32. Kg2 Rh8 33. Rh1 Rxh1 34. Rxh1
Ra2 35. Rb1 Qa7 36. Qe3 Ra1 37. Qc1 Rxb1 38. Qxb1 Qa5 39. Qc1 Qa2 40. Kh3 Qa5
41. f4 gxf4 42. gxf4 exf4 43. Qxf4 Qc7 44. g5 Qe7 45. Kg4 Nd7 46. Kf3 Ne5+ 47.
Ke3 Qa7+ 48. Kd2 Qg1 49. Bd1 Kg8 50. Be2 Qb1 51. Bd1 Qxb2+ 52. Bc2 Nd3 53. Qh2
Qc1+ 54. Ke2 Qxc2+ 0-1

[Event "Online Olym KO Stage 2020"]
[Site "chess.com INT"]
[Date "2020.08.27"]
[Round "1.21"]
[Board "4"]
[White "Schulze, Lara"]
[Black "Gara, Ticia"]
[Result "0-1"]
[WhiteTitle "FM"]
[BlackTitle "WGM"]
[WhiteElo "2314"]
[BlackElo "2371"]
[WhiteTeam "Germany"]
[BlackTeam "Hungary"]
[WhiteFideId "12956830"]
[BlackFideId "717444"]
[EventDate "2020.08.27"]
[EventType "team"]

1. e4 c5 2. Nf3 Nc6 3. d4 cxd4 4. Nxd4 g6 5. c4 Nf6 6. Nc3 Nxd4 7. Qxd4 d6 8. f3
Bg7 9. Be3 O-O 10. Qd2 a5 11. Na4 Nd7 12. O-O-O Qc7 13. Kb1 Nc5 14. Nxc5 dxc5
15. Qd5 Bd4 16. Bxd4 Rd8 17. Qg5 cxd4 18. h4 a4 19. h5 f6 20. Qd2 g5 21. a3 Be6
22. Rc1 Bf7 23. Bd3 h6 24. Qf2 Ra5 25. Qc2 Rc8 26. Qf2 e5 27. Rc2 Rc5 28. Rhc1
Qd6 29. g3 b5 30. Qe2 Qe6 31. f4 bxc4 32. f5 Qc6 33. Bxc4 Rxc4 34. Rxc4 Bxc4 35.
Qd2 Bd3+ 36. Qxd3 Qxc1+ 37. Ka2 Qc4+ 0-1

[Event "Online Olym KO Stage 2020"]
[Site "chess.com INT"]
[Date "2020.08.27"]
[Round "1.21"]
[Board "5"]
[White "Kozak, Adam"]
[Black "Vogel, Roven"]
[Result "1-0"]
[WhiteTitle "GM"]
[BlackTitle "IM"]
[WhiteElo "2503"]
[BlackElo "2456"]
[WhiteTeam "Hungary"]
[BlackTeam "Germany"]
[WhiteFideId "753246"]
[BlackFideId "12908088"]
[EventDate "2020.08.27"]
[EventType "team"]

1. Nf3 d5 2. c4 c6 3. e3 Nf6 4. Nc3 e6 5. b3 Bd6 6. Bb2 a6 7. d4 Nbd7 8. Be2 b5
9. O-O O-O 10. Qc2 b4 11. Na4 Bb7 12. Rfd1 Ne4 13. Ne5 Bxe5 14. dxe5 Qg5 15. f4
Qh6 16. Bf3 f5 17. cxd5 exd5 18. Rac1 a5 19. Bd4 Qe6 20. Bc5 Rfc8 21. h3 Ba6 22.
Bxe4 fxe4 23. Bd6 h5 24. Qf2 g6 25. Kh2 Bb5 26. g4 hxg4 27. Rg1 Kf7 28. Rxg4 Rh8
29. Rcg1 Rag8 30. Nc5 Nxc5 31. Bxc5 Rh5 32. R1g3 Rgh8 33. Qg2 R8h6 34. Rg5 Rxg5
35. Rxg5 Rh7 36. Bd6 Bd3 37. f5 gxf5 38. Rg8 Rxh3+ 39. Kg1 Qh6 40. Rf8+ Ke6 41.
Qg8+ 1-0

[Event "Online Olym KO Stage 2020"]
[Site "chess.com INT"]
[Date "2020.08.27"]
[Round "1.21"]
[Board "6"]
[White "Muetsch, Annmarie"]
[Black "Demeter, Dorina"]
[Result "1/2-1/2"]
[WhiteTitle "WIM"]
[BlackTitle "WFM"]
[WhiteElo "2219"]
[BlackElo "2033"]
[WhiteTeam "Germany"]
[BlackTeam "Hungary"]
[WhiteFideId "12971367"]
[BlackFideId "778079"]
[EventDate "2020.08.27"]
[EventType "team"]

1. e4 e5 2. Nf3 Nc6 3. d4 exd4 4. Nxd4 Nf6 5. Nxc6 bxc6 6. e5 Qe7 7. Qe2 Nd5 8.
c4 Nb6 9. Nc3 Qe6 10. Qe4 d5 11. exd6 Qxe4+ 12. Nxe4 cxd6 13. Bf4 d5 14. cxd5
Nxd5 15. Bd2 Rb8 16. O-O-O Be7 17. Bc4 h6 18. Rhe1 O-O 19. Bxd5 cxd5 20. Nc3 Bf6
21. Bf4 Bxc3 22. Bxb8 Bxe1 23. Rxe1 Be6 24. Be5 Rc8+ 25. Kd2 Bf5 26. Rc1 Rxc1
27. Kxc1 Kf8 28. Kd2 g6 29. Kc3 Ke7 30. Bd4 a6 31. Kb4 Kd6 32. Ka5 Bd3 33. Kb6
h5 34. h4 Bf1 35. g3 Bc4 36. b3 Bd3 37. a4 Bc2 38. Kxa6 Bxb3 39. Kb5 Kc7 40. a5
Kb7 41. a6+ Ka8 42. Kb6 Bc2 43. Kc6 Bd3 44. a7 Bf5 45. Kxd5 Be6+ 46. Ke5 Ba2 47.
Kf6 Bb3 48. Kg5 Ba2 49. f3 Bd5 50. Kf4 Kb7 51. g4 hxg4 52. fxg4 Ba2 53. Kg5 Ka8
54. Kf6 Bb3 55. h5 gxh5 56. gxh5 Bc2 57. Kxf7 Bb1 1/2-1/2